Quizzes
Events
Quiz Creation
Community
Videos
Private Events
Remove Ads
Sign In
Join for FREE
Feedback
Dark Mode
Quiz Categories
Sports
Geography
Music
Movies
Television
Just For Fun
Miscellaneous
History
Literature
Language
Science
Gaming
Entertainment
Religion
Holiday
For Kids
Quiz Lab
Recent
Popular Today
Quiz Kudos Today
Editor Picks
Curator Picks
Quizzes by...
Day
Popularity
Type
Ratings
Length
Year
Community
Subscriptions
Recent Discussions
Orange Saloon
Badges
Playlists
Quests
Create
Leaderboards
Showdown
Live 5
Trivia Bingo
Activity
Puzzle Library
Sporcle Events
Private Events
Virtual Trivia
Globe League
Become a Host
Pub Owners
SporcleCon
Opinionation
Our Games
Videos
Blog
Mobile Apps
Partnerships
Remove Ads and Go Orange
Feedback
Miscellaneous
Crossword
General Knowledge
Baby Names
Logo
Food
Cars
Numbers
Grab Bag
University
College
Popular
Company
Slogans
Restaurants
Justice
Letter
Miscellaneous
Crossword
General Knowledge
Baby Names
Logo
Food
Cars
Numbers
Grab Bag
University
College
Popular
Company
Slogans
Restaurants
Justice
Letter
Random Quiz
Search Sporcle
×
Quiz Lab
Quiz Lab
Miscellaneous
Education
Type in answers that appear in a list
Type in answers that appear in a list
Classic
Best Score? Go Orange.
Education Terms: part 2 Stats
Can you name the Education Terms?
By
moryczsa
10m
31 Questions
15 Plays
15 Plays
15 Plays
Comments
Comments
Give Quiz Kudos
Give Quiz Kudos
-
- Ratings
hide this ad
Random Order
Randomize order of answers
Randomize order of answers
Replay
Link that replays current quiz
Next Quiz
Link to next quiz in quiz playlist
You Got
0%
They Got
Avg Score
36%
Avg Friend Score
Upgrade to see
Score Distribution
Jump to the score distribution portion of the page
Score
0/31
Timer
10:00
0
Plays Today
Definition
Term
% Correct
An individually prescribed instructional plan collaboratively devised by special education and general education teachers, resource professionals, parents, and sometimes the studen
Individualized education program
73.3%
Students whose first language is not English and who need help in learning to speak, read, and write in English
English language learners
66.7%
A rigid, simplistic caricature of a particular group of people
Stereotype
66.7%
How many states have English as their official language?
29
53.3%
The knowledge, attitudes, values, customs, and behavior patterns that characterize a social group
Culture
53.3%
A comprehensive approach to educating students with exceptionalities that incorporates a total, systematic, and coordinated web of services
Inclusion
53.3%
Instruction designed to meet the unique needs of students with exceptionalities
Special education
53.3%
A process of socializing people so that they adopt dominant social norms and patterns of behavior
Assimilation
46.7%
Discrimination based on gender that limits the growth possibilities of either boys or girls
Gender Bias
46.7%
Students at the upper end of the ability continuum who need special services to reach their full potential
Gifted and talented
46.7%
Theory that suggests that overall intelligence is composed of eight relatively independent dimensions (EXAMPLES: Musical, spatial, interpersonal, bodily-
kinesthetic)
Multiple Intelligences
46.7%
A preferred way of learning and studying
learning style
46.7%
Functional limitations or an inability to perform a certain act, such as hear or walk
Disabilities
46.7%
The practice of placing students of similar abilities into groups and matching instruction to the needs of each group
Ability grouping
46.7%
Classes and schools where boys and girls are segregated for part or all of the day
Single-sex classes and schools
40%
Learners who need special help to reach their full potential
Students with exceptionalities
40%
Definition
Term
% Correct
Placing students in a series of classes or curricula on the basis of ability and career goals
Tracking
40%
Special schools targeting grades 6-
8 and designed to meet the unique social, emotional, and intellectual needs of early adolescents
Middle Schools
40%
The person given ultimate administrative responsibility for a school's operation
Principal
40%
Dividing students within one classroom into ability groups
Within-class ability grouping
26.7%
The practice of keeping a teacher with one group of students for more than a year
Looping
26.7%
dividing all students in a given grade level into groups, such as high, medium, and low
Between-class ability grouping
20%
A stage of moral reasoning in which children view rules as fixed, permanent, and enforced by authority figures
External Morality
20%
A stage of moral reasoning in which children develop rational ideas of fairness and see justice as a reciprocal process of treating others as they would want to be treated
Autonomous morality
20%
People responsible for the day-
to-
day operation of a school
Administrators
20%
A secondary school that attempts to meet the needs of all students
Comprehensive high school
13.3%
Effective high schools have enrollments between _
_
_
_
and _
_
_
_
students
600 - 900
13.3%
A school in which learning for all students is maximized
Effective school
13.3%
Buildings that house classrooms, the library, the cafeteria, and other support functions; in addition to sometimes gymnasiums, playing fields, and swimming pools
Physical Plant
13.3%
An approach to early childhood education that emphasizes individual exploration and initiative through learning centers
Montessori method
6.7%
Each teacher's belief that he or she can promote learning in all students, regardless of their backgrounds
Personal teaching efficacy
6.7%
Quiz Playlist
Details
Report
Send in Message
Add To Playlist
Classic:
Type in answers that appear in a list
Random Order:
Randomize order of answers
Last Updated: Feb 16, 2017
Quiz Scoreboard
CHALLENGE
Sign Up to Join the Scoreboard
Show All
Scores
Hide
Comments
May contain spoilers
Recently Published
Billboard Blitz: Fleetwood Mac
by CooCooCachoo
Music
15s
Presidents Visiting Landmarks
by Hejman
History
7m
An Introduction to Baseball
by treessimontrees
Sports
5m
More to Explore
Quiz From the Vault
Featured Blog Post
Where Did the Easter Bunny Come From?
hide this ad
You Might Also Like...
Tags
Education
Terms Review
Today's Top Quizzes in Miscellaneous
Browse Miscellaneous
hide this ad
Today's Top Quizzes in Education
Browse Education
Top Contributed Quizzes in Miscellaneous
1
5-to-1: Fast Food
2
The JOE quick-fire general knowledge quiz: Day 174
3
The JOE quick-fire general knowledge quiz: Day 173
4
5-to-1: Cocktails
5
The JOE quick-fire general knowledge quiz: Day 172
6
Sunday Crossword: Famous Bodies of Water
7
The JOE quick-fire general knowledge quiz: Day 171
8
One Thing in Common: United Kingdom II
9
Named After an Animal - Odd One Out!
10
The JOE quick-fire quiz: Day 170
Explore More
Trending Topics
Harry Potter
Disney
Kpop
Crossword
Marvel
Anime
NBA
Pokémon
Song
Puzzle
NFL
WWE
Country
Soccer
The Office
hide this ad
More By:
moryczsa
Quiz
Plays
Rating
Category
Featured
Created
ECOLOGY Ch4: Population Genetics
86
Science
Feb 7, 2011
ECOLOGY Ch5: Temperature Relations
64
Science
Feb 7, 2011
ECOLOGY Ch2: Life on Land
27
Science
Feb 7, 2011
Education Terms: part 3
20
Miscellaneous
Dec 15, 2010
ECOLOGY Ch6: Water Relations
20
Science
Feb 7, 2011
Go to Creator's Profile
Score Distribution
Quiz Creator Spotlight
moryczsa
Follow
Send a Message
Quizzes Created
-
Created Quiz Play Count
-
More By This Creator
Popular Quizzes Today
1
Find the US States - No Outlines Minefield
2
Find the Countries of Europe - No Outlines Minefield
3
The Countries of the World
4
Find the US States
5
Risky Map Clicking: Biggest States A-Z
6
US States
7
Popular People in 1961
8
Movies - When Are They Set?
More Miscellaneous Quizzes
Nursery Rhyme Endings
Published
Trending Quizzes
Risky Map Clicking: Least Populous States A-Z
1-10 Letter G Words
1-10 Letter F Words
Risky Map Clicking: Next State Alphabetically
Risky Map Clicking: Biggest States A-Z
Recently Updated
Leaping Animals
pecheneg
Reality TV Shows (A-Z)
bhenderson79
Rickey Henderson's Hall of Fame Teammates
pecheneg
Champions League XIs: Arsenal
pecheneg
Quick Pick: Celebrities in WWE's Hall of Fame
aduchscher
A-Z Keypad Blitz II
pecheneg
Multiple Oscar Actors
pecheneg
Mystery Phrase Blitz: Oscar 'Best Actors'
pecheneg
F. Scott Fitzgerald Novels
LTH
Pick 3 Villains
ddd62291
Trending Topics
Anime
Kpop
Disney
Marvel
Crossword
Harry Potter
NBA
Pokémon
WWE
NFL
Soccer
The Office
Puzzle
Song
Country
Your Account Isn't Verified!
In order to create a playlist on Sporcle, you need to verify the email address you used during registration. Go to your
Sporcle Settings
to finish the process.
Report this User
Report this user for behavior that violates our
Community Guidelines
.
Details:
Send Report
Go to the Sporcle.com Mobile Site →
Comments